| 000 | 00895cam a22002775a 4500 | ||
|---|---|---|---|
| 008 | 090409t2008 ad f |||| 00| 0 eng d | ||
| 010 | _a 2004060182 | ||
| 020 | _a0137158025 | ||
| 020 | _a9780137158027 | ||
| 040 |
_aEG-ScBUE _beng _cEG-ScBUE |
||
| 082 | 0 | 4 |
_222 _a005.133 _bDEI |
| 100 | 1 |
_aDeitel, Paul J. _93489 |
|
| 245 | 1 | 0 |
_aC++ how to program / _cP.J. Deitel, H.M. Deitel |
| 250 |
_a6th ed. _b international edition |
||
| 260 |
_aNew Jersy : _bPearson/Prentice Hall, _cc2008. |
||
| 300 |
_axlix, 1429 p. : _bcol. ill. ; _c24 cm. |
||
| 490 | 0 | _aHow to program series | |
| 500 | _aindex 1397-1429. | ||
| 504 | _aIncludes bibliographical references . | ||
| 650 | 0 |
_aC++ (Computer program language) _93491 _2BUEsh |
|
| 651 | _2BUEsh | ||
| 653 |
_bCOMSCI _cAugust2015 |
||
| 655 |
_vtext book _933728 |
||
| 700 | 1 |
_aDeitel, Harvey M., _93492 |
|
| 942 |
_cBB _k005.133DEI _2ddc |
||
| 999 |
_c11254 _d11254 |
||